Stroke : (Record no. 183163)
[ view plain ]
| 000 -LEADER | |
|---|---|
| fixed length control field | 01189 a2200229 4500 |
| 003 - CONTROL NUMBER IDENTIFIER | |
| control field | Nust |
| 005 - DATE AND TIME OF LATEST TRANSACTION | |
| control field | 20221017142443.0 |
| 010 ## - LIBRARY OF CONGRESS CONTROL NUMBER | |
| LC control number | 80026867 |
| 020 ## - INTERNATIONAL STANDARD BOOK NUMBER | |
| International Standard Book Number | 0138529051 (pbk.) |
| 020 ## - INTERNATIONAL STANDARD BOOK NUMBER | |
| International Standard Book Number | 0138529132 |
| 040 ## - CATALOGING SOURCE | |
| Transcribing agency | Nust |
| 082 00 - DEWEY DECIMAL CLASSIFICATION NUMBER | |
| Classification number | 616.81,SES |
| 100 1# - MAIN ENTRY--PERSONAL NAME | |
| Personal name | Sessler, Gloria Jean. |
| 9 (RLIN) | 100514 |
| 245 10 - TITLE STATEMENT | |
| Title | Stroke : |
| Remainder of title | how to prevent it/how to survive it / |
| Statement of responsibility, etc. | Gloria Jean Sessler. |
| 260 ## - PUBLICATION, DISTRIBUTION, ETC. | |
| Place of publication, distribution, etc. | Englewood Cliffs, N.J. : |
| Name of publisher, distributor, etc. | Prentice-Hall, |
| Date of publication, distribution, etc. | c1981. |
| 300 ## - PHYSICAL DESCRIPTION | |
| Extent | 287 p. ; |
| Dimensions | 24 cm. |
| 490 0# - SERIES STATEMENT | |
| Series statement | A Spectrum book |
| 505 ## - FORMATTED CONTENTS NOTE | |
| Formatted contents note | The Incidence of Strokes (Page-1), Early Warning Signs of an Impending Stroke (Page-28), Risk Factors you can Control (Page-45), Atherosclerosis (Page-88), Cholesterol and Triglycerides (Page-99), Diabetes (Page-122), Smoking (Page-143), Oral Contraceptives (Page-164), Stress (Page-176), Lab Tests and Diagnostic Procedures (Page-189), The Completed Stroke (Page-206), Medical and Surgical Treatment of a Stroke (Page-226), Rehabilitation (Page-245), Some Self Help Aids (Page-266), Famous Persons who have Had Strokes (Page-269). |
| 650 #0 - SUBJECT ADDED ENTRY--TOPICAL TERM | |
| Topical term or geographic name entry element | Cerebrovascular disease. |
| 9 (RLIN) | 100515 |
| 650 #0 - SUBJECT ADDED ENTRY--TOPICAL TERM | |
| Topical term or geographic name entry element | Cerebrovascular disorders |
| General subdivision | Popular works. |
| 9 (RLIN) | 100516 |
| 942 ## - ADDED ENTRY ELEMENTS (KOHA) | |
| Source of classification or shelving scheme | |
| Koha item type | Book |
| Withdrawn status | Lost status | Source of classification or shelving scheme | Damaged status | Not for loan | Permanent Location | Current Location | Shelving location | Date acquired | Full call number | Barcode | Date last seen | Price effective from | Koha item type | Public note |
|---|---|---|---|---|---|---|---|---|---|---|---|---|---|---|
| Military College of Signals (MCS) | Military College of Signals (MCS) | General Stacks | 12/12/2016 | 616.81,SES | MCS20879 | 12/08/2016 | 12/12/2016 | Book | Almirah No.26, Shelf No.4 | |||||
| Military College of Signals (MCS) | Military College of Signals (MCS) | General Stacks | 12/12/2016 | 616.81,SES | MCS21215 | 12/08/2016 | 12/12/2016 | Book | Almirah No.26, Shelf No.4 |
